000 00691nam a2200217Ia 4500
005 20251029154011.0
008 210716s2017 xx 000 0 und d
020 _a9789386052278
040 _cAIMIT LIBRARY
041 _aeng
082 _a005.76
_21
_bCHAA
100 _aChauhan, Ajay Kumar.
_944898
245 _aResearch analytics :
_bpractical approach to data analysis /
_cBy Ajay Kumar Chauhan.
250 _a1st ed.
260 _aNew Delhi :
_bDreamtech Press ,
_c2017.
300 _axviii, 413p. ;
_c24.5 cm.
_bPB
650 _aSPSS commands
_944899
650 _aTest of difference
_944900
650 _aLogistic regression model
_944901
942 _2ddc
_cBK
_e1st
_k005.76 CHAA
999 _c197268
_d197268